00394nam a2200157Ia 4500003000400000008004100004040001600045082001300061100001700074245003900091260003400130300001000164490002500174650001500199650002200214GCL140319s9999 xx 000 0 eng d aGCL / cGCL04a843bV L1 aVERNE, JULES10aL'ILE MYSTERIEUSE / cVERNE, JULES a[S.N] : bJ. HETZEL ، c1993 a442 P aLE LIVRE DE POCHEv004aLITERATURE04aFRENCH LITERATURE